| 000 | 00583nam a2200193Ia 4500 | ||
|---|---|---|---|
| 003 | GCL | ||
| 008 | 140319s9999 xx 000 0 eng d | ||
| 040 |
_aGCL / _cGCL |
||
| 082 | 0 | 4 |
_a813.4 _bK M |
| 100 | 1 | _aKISKIS, MICHAEL J | |
| 245 | 1 | 0 |
_aMARK TWAIN'S OWN AUTOBIOGRAPHZ THE CHAPTERS FROM THE NORTH AMERICAN REVIEW / _cKISKIS, MICHAEL J |
| 260 |
_a[S.N] : _bTHE UNIVERSITY OF CHICAGS PRESS ، _c1990 |
||
| 650 | 0 | 4 | _aنايل سات |
| 650 | 0 | 4 | _aBIOGRAPHY |
| 650 | 0 | 4 | _aTWAIN, MARK 1935-1910 |
| 650 | 0 | 4 | _aAUTHORS AMERICAN |
| 650 | 0 | 4 | _aHUMORISTS, AMERICAN |
| 942 |
_2ddc _cBK |
||
| 999 |
_c19342 _d19342 |
||